|
|
|
|
| LEADER |
01476nam a2200301 a 4500 |
| 001 |
43012 |
| 003 |
BD-DhAAL |
| 005 |
20240908130738.0 |
| 008 |
240809t2004 maua b 001 0 eng |
| 010 |
|
|
|a 2002075341
|
| 020 |
|
|
|a 0072440007 (acidfree paper)
|
| 020 |
|
|
|a 0071214542
|
| 040 |
|
|
|a DLC
|c DLC
|d DLC
|d BD-DhAAL
|
| 050 |
0 |
0 |
|a GE105
|b .E54 2004
|
| 082 |
0 |
0 |
|a 363.7
|2 21
|
| 100 |
1 |
|
|a Enger, Eldon D.
|9 56747
|
| 245 |
1 |
0 |
|a Environmental science :
|b a study of interrelationships /
|c Eldon D. Enger and Bradley Fraser Smith.
|
| 250 |
|
|
|a Ninth edition.
|b Eldon D. Enger, Bradley F. Smith.
|
| 260 |
|
|
|a Boston :
|b McGraw-Hill Higher Education,
|c c2004.
|
| 300 |
|
|
|a xvii, 477 pages :
|b col. illustrations ;
|c 29 cm.
|
| 504 |
|
|
|a Includes bibliographical references (p. C-3) and index.
|
| 541 |
|
|
|a Donation from the Asia Foundation/ Savar Campus
|e 43012, 43013
|
| 650 |
|
0 |
|a Environmental sciences.
|
| 700 |
1 |
|
|a Smith, Bradley Fraser.
|9 56748
|
| 942 |
|
|
|2 ddc
|c BK
|
| 999 |
|
|
|c 46953
|d 46953
|
| 952 |
|
|
|0 0
|1 0
|2 ddc
|4 0
|6 363_700000000000000_ENG
|7 0
|9 76155
|a SCL
|b SCL
|c GEN
|d 2024-09-08
|e Donation from the Asia Foundation/ Savar Campus
|l 0
|o 363.7 ENG
|p 3020043012
|r 2024-09-08
|t 1
|w 2024-09-08
|y BK
|x Donation from the Asia Foundation/ Savar Campus
|
| 952 |
|
|
|0 0
|1 0
|2 ddc
|4 0
|6 363_700000000000000_ENG
|7 0
|9 76156
|a SCL
|b SCL
|c GEN
|d 2024-09-08
|e Donation from the Asia Foundation/ Savar Campus
|l 0
|o 363.7 ENG
|p 3020043013
|r 2024-09-08
|t 2
|w 2024-09-08
|y BK
|x Donation from the Asia Foundation/ Savar Campus
|